000 01624nam a22002777a 4500
001 7194
003 FISKH
005 20250827144642.0
008 250702b cb ||||| |||| 00| 0 eng d
020 _a9780194646888
040 _aFISKH
_beng
_cFISKH
_dFISKH
050 _aPZ7
082 _a428.6
100 _aSpilsbury, Louise
245 _aPlastic /
_cLouise Spilsbury
260 _aUnited Kingdom :
_bOxford University Press,
_c2013
300 _a30 pages :
_bcolor illustrations ;
_c21 cm
490 _aOxford read and discover
505 _aL
520 _aRead and discover all about plastic ... How do we make plastic? Can we recycle plastic?This exciting new series of non-fiction readers provides interesting and educational content, with activities and project work. The readers are graded at four levels, from 3 to 6, suitable for students from age 8 and older. They can support Content and Language Integrated Learning (CLIL), and covera broad range of topics, within three curriculum areas:The World of Science and TechnologyThe Natural WorldThe World of Arts and Social StudiesAlso available for each reader:* Activity Book* Audio CD Pack (Reader and Audio CD)* Teacher's Notes and CLIL guidance at www.oup.com/elt/readanddiscoverThe Activity Book includes 16 pages of chapter-linked activities followed by after-reading whole book activities and a book review; focus on content, vocabulary, and grammar.
521 8 _a520
_bLexile estimate
521 8 _aL
_bRaz-Plus
650 _aPlastic pollution
_vMaterial science
_xRecycling education
942 _2ddc
_cBK
_n0
999 _c7194
_d7194